书目信息 |
| 题名: |
生态美学的理论建构
|
|
| 作者: | 曾繁仁 , 谭好哲 主编 | |
| 分册: | ||
| 出版信息: | 北京 人民出版社 2016.06 |
|
| 页数: | 398页 | |
| 开本: | 24cm | |
| 丛书名: | 文艺美学研究丛书 | |
| 单 册: | ||
| 中图分类: | Q14-05 | |
| 科图分类: | ||
| 主题词: | 生态学--sheng tai xue--美学--研究 | |
| 电子资源: | ||
| ISBN: | 978-7-01-016055-9 | |
| 000 | 01071nam 2200277 450 | |
| 001 | 0109110244 | |
| 005 | 20201109110340.0 | |
| 010 | @a978-7-01-016055-9@dCNY66.00 | |
| 100 | @a20160826e20192016em y0chiy50 ea | |
| 101 | 0 | @achi |
| 102 | @aCN@b110000 | |
| 105 | @ay z 000yy | |
| 106 | @ar | |
| 200 | 1 | @a生态美学的理论建构@Asheng tai mei xue de li lun jian gou@f曾繁仁, 谭好哲主编 |
| 210 | @a北京@c人民出版社@d2016.06@h2019.07 | |
| 215 | @a398页@d24cm | |
| 225 | 2 | @a文艺美学研究丛书@Awen yi mei xue yan jiu cong shu@h第二辑 |
| 300 | @a教育部人文社会科学重点研究基地山东大学文艺美学研究中心基金资助 | |
| 330 | @a本书收录了《从现代人类学范式看生态美学研究》《马克思、恩格斯与生态审美观》《儒家的生态观与审美观》《中国古代“天人合一”思想与当代生态文化建设》《当代生态美学观的基本范畴》等文章。 | |
| 461 | 0 | @12001 @a文艺美学研究丛书 |
| 606 | 0 | @a生态学@Asheng tai xue@x美学@x研究 |
| 690 | @aQ14-05@v5 | |
| 701 | 0 | @a曾繁仁@Azeng fan ren@4主编 |
| 701 | 0 | @a谭好哲@Atan hao zhe@4主编 |
| 801 | 0 | @aCN@bBJSZM@c20201103 |
| 905 | @b1241935-8@dQ14-05@e296@f4 | |
| 生态美学的理论建构/曾繁仁, 谭好哲主编.-北京:人民出版社,2016.06(2019.07) |
| 398页;24cm.-(文艺美学研究丛书.第二辑) |
| 教育部人文社会科学重点研究基地山东大学文艺美学研究中心基金资助 |
| ISBN 978-7-01-016055-9:CNY66.00 |
| 本书收录了《从现代人类学范式看生态美学研究》《马克思、恩格斯与生态审美观》《儒家的生态观与审美观》《中国古代“天人合一”思想与当代生态文化建设》《当代生态美学观的基本范畴》等文章。 |
| ● |
| 相关链接 |
|
|
|
|
正题名:生态美学的理论建构
索取号:Q14-05/296
 
预约/预借
| 序号 | 登录号 | 条形码 | 馆藏地/架位号 | 状态 | 备注 |
| 1 | 1241935 | 212419355 | 第二样本阅览室/ [索取号:Q14-05/296] | 在馆 | |
| 2 | 1241936 | 212419364 | 第三借阅区/ [索取号:Q14-05/296] | 在馆 | |
| 3 | 1241937 | 212419373 | 第三借阅区/ [索取号:Q14-05/296] | 在馆 | |
| 4 | 1241938 | 212419382 | 第三借阅区/ [索取号:Q14-05/296] | 在馆 |